Mini MAX-DOAS- an introduction (Record no. 356128)

000 -LEADER
fixed length control field nam a22 7a 4500
003 - CONTROL NUMBER IDENTIFIER
control field NUST
005 - DATE AND TIME OF LATEST TRANSACTION
control field 20180124110906.0
008 - FIXED-LENGTH DATA ELEMENTS--GENERAL INFORMATION
fixed length control field 180124b xxu||||| |||| 00| 0 eng d
040 ## - CATALOGING SOURCE
Transcribing agency 0
082 ## - DEWEY DECIMAL CLASSIFICATION NUMBER
Classification number 628 MIN
100 ## - MAIN ENTRY--PERSONAL NAME
Personal name Bobrowski,Nicole
9 (RLIN) 9665
245 ## - TITLE STATEMENT
Title Mini MAX-DOAS- an introduction
Statement of responsibility, etc. Nicole bobrowski
260 ## - PUBLICATION, DISTRIBUTION, ETC.
Place of publication, distribution, etc. Heidelberg
Date of publication, distribution, etc. 2012
300 ## - PHYSICAL DESCRIPTION
Extent 73p.
500 ## - GENERAL NOTE
General note P.B
942 ## - ADDED ENTRY ELEMENTS (KOHA)
Source of classification or shelving scheme
Koha item type Book
Call number prefix IESE
Holdings
Withdrawn status Lost status Source of classification or shelving scheme Damaged status Not for loan Collection code Permanent Location Current Location Shelving location Date acquired Total Checkouts Full call number Barcode Date last seen Price effective from Koha item type
            Institute of Environmental Science and Engineering (IESE) Institute of Environmental Science and Engineering (IESE) General Stacks 01/24/2018   628 MIN IESE-2820 01/24/2018 01/24/2018 Book
© 2023 Central Library, National University of Sciences and Technology. All Rights Reserved.